[Event "ch-RUS Blitz 2017"]
[Site "Sochi RUS"]
[Date "2017.10.02"]
[Round "20.5"]
[White "Tomashevsky, Evgeny"]
[Black "Zvjaginsev, Vadim"]
[Result "0-1"]
[WhiteTitle "GM"]
[BlackTitle "GM"]
[WhiteElo "2710"]
[BlackElo "2643"]
[WhiteFideId "4147235"]
[BlackFideId "4113403"]
[EventDate "2017.10.02"]
[EventType "blitz"]

1. c4 e6 2. Nc3 d5 3. d4 Nf6 4. cxd5 exd5 5. Bg5 c6 6. e3 Bf5 7. Qf3 Be6 8. Bxf6
Qxf6 9. Qxf6 gxf6 10. Bd3 Nd7 11. Nf3 Nb6 12. O-O-O Nc4 13. Nh4 Nd6 14. g3 f5
15. Kc2 Kd7 16. Ne2 Bg7 17. Nf4 Rhc8 18. Kb1 a5 19. Rc1 a4 20. a3 b6 21. Nf3 c5
22. Ne5+ Ke7 23. Rhd1 Ne4 24. Rc2 cxd4 25. Nc6+ Kf8 26. Nxd4 Bxd4 27. Bxe4 Bxe3
28. Bxd5 Rxc2 29. Kxc2 Rc8+ 30. Kb1 Bxf4 31. gxf4 Ke7 32. Bxe6 fxe6 0-1

[Event "ch-RUS Blitz 2017"]
[Site "Sochi RUS"]
[Date "2017.10.02"]
[Round "20.6"]
[White "Khismatullin, Denis"]
[Black "Potkin, Vladimir"]
[Result "1-0"]
[WhiteTitle "GM"]
[BlackTitle "GM"]
[WhiteElo "2628"]
[BlackElo "2574"]
[WhiteFideId "4142578"]
[BlackFideId "4131061"]
[EventDate "2017.10.02"]
[EventType "blitz"]

1. c4 e6 2. Nf3 d5 3. e3 Nf6 4. Nc3 Bd6 5. b3 O-O 6. Bb2 b6 7. Qc2 c5 8. g4 Bb7
9. cxd5 Nxd5 10. Ne4 Be7 11. a3 Nd7 12. g5 Qc7 13. Rg1 Kh8 14. h4 e5 15. h5 Rad8
16. Bh3 b5 17. h6 g6 18. Bxd7 Qxd7 19. Nxe5 Qf5 20. Nxg6+ 1-0

[Event "ch-RUS Blitz 2017"]
[Site "Sochi RUS"]
[Date "2017.10.02"]
[Round "20.7"]
[White "Bocharov, Dmitry"]
[Black "Murzin, Volodar"]
[Result "1-0"]
[WhiteTitle "GM"]
[BlackTitle "FM"]
[WhiteElo "2585"]
[BlackElo "2280"]
[WhiteFideId "4138716"]
[BlackFideId "44155573"]
[EventDate "2017.10.02"]
[EventType "blitz"]

1. c4 Nf6 2. Nf3 g6 3. Nc3 Bg7 4. g3 O-O 5. Bg2 c5 6. O-O Nc6 7. d4 cxd4 8. Nxd4
a6 9. Nc2 d6 10. b3 Bd7 11. Bb2 Rc8 12. Qd2 Re8 13. Rfd1 Qa5 14. e4 b5 15. Ne3
Ng4 16. cxb5 axb5 17. Ned5 Nd4 18. Nxe7+ Rxe7 19. Nd5 Qxd2 20. Nxe7+ Kf8 21.
Rxd2 Kxe7 22. Bxd4 Bh6 23. Re2 b4 24. Rd1 Bb5 25. Rb2 Rc7 26. h3 Ne5 27. f4 Nc6
28. Bb6 Rb7 29. Be3 Bg7 30. Rbd2 Rd7 31. e5 1-0

[Event "ch-RUS Blitz 2017"]
[Site "Sochi RUS"]
[Date "2017.10.02"]
[Round "20.8"]
[White "Rozum, Ivan"]
[Black "Alekseev, Evgeny"]
[Result "1-0"]
[WhiteTitle "GM"]
[BlackTitle "GM"]
[WhiteElo "2590"]
[BlackElo "2622"]
[WhiteFideId "24104272"]
[BlackFideId "4138147"]
[EventDate "2017.10.02"]
[EventType "blitz"]

1. Nf3 c5 2. c4 Nc6 3. Nc3 g6 4. g3 Bg7 5. Bg2 d6 6. O-O e6 7. e3 Nge7 8. d4 O-O
9. Rb1 cxd4 10. exd4 d5 11. c5 b6 12. b4 bxc5 13. bxc5 Nf5 14. Be3 Qa5 15. Qd2
Ba6 16. Rfd1 Rab8 17. Bh3 Nxe3 18. fxe3 Bh6 19. Bf1 Bxf1 20. Kxf1 Rfe8 21. Kf2
Kf8 22. Ne2 Qa6 23. Nf4 Qa3 24. h4 Bg7 25. Nd3 h6 26. Qc2 Qa6 27. Rxb8 Rxb8 28.
Rb1 Rxb1 29. Qxb1 Ke7 30. Qb3 Kd7 31. Nfe1 Kc7 32. Nc2 Qa5 33. Ke2 Qa6 34. a3
Bf8 35. Kd2 Be7 36. Ncb4 Nxb4 37. axb4 Qb5 38. Qa2 a6 39. Kc3 g5 40. hxg5 Bxg5
41. Kd2 f6 42. Qa1 Kd7 43. Qc1 Kc7 44. Qc2 Kd7 45. Ke2 Kc7 46. Kf3 Kc6 47. Qd2
Qc4 48. Nb2 Qf1+ 49. Qf2 Qb1 50. Qe2 Kd7 51. b5 axb5 52. Qxb5+ 1-0

[Event "ch-RUS Blitz 2017"]
[Site "Sochi RUS"]
[Date "2017.10.02"]
[Round "20.9"]
[White "Sarana, Alexey"]
[Black "Iljiushenok, Ilia"]
[Result "0-1"]
[WhiteTitle "GM"]
[BlackTitle "IM"]
[WhiteElo "2541"]
[BlackElo "2519"]
[WhiteFideId "24133795"]
[BlackFideId "24105074"]
[EventDate "2017.10.02"]
[EventType "blitz"]

1. d4 Nf6 2. Bg5 Ne4 3. Bf4 c5 4. d5 Nf6 5. c4 e6 6. Nc3 d6 7. dxe6 fxe6 8. Nf3
Nc6 9. e3 Be7 10. Bd3 O-O 11. O-O a6 12. h3 Bd7 13. a3 Be8 14. Qc2 e5 15. Bg5 h6
16. Bxf6 Bxf6 17. Nd5 Bh5 18. Nd2 Ne7 19. Nxe7+ Qxe7 20. Ne4 g5 21. Ng3 Qe8 22.
Nf5 Bg7 23. Nxd6 Qd7 24. Nf5 Rad8 25. Be4 Kh8 26. Ng3 Bf7 27. Rad1 Qc7 28. Bd5
Be8 29. Rd2 Rd6 30. Rfd1 b5 31. Be4 Rxd2 32. Rxd2 bxc4 33. Qxc4 Bb5 34. Qe6 Rf6
35. Qd5 Rf8 36. Bc2 Bc6 37. Qc4 Qb7 38. Be4 Bxe4 39. Qxe4 Qb3 40. Qc6 c4 41. Ne4
a5 42. Kh2 a4 43. Nc5 Qa2 44. Ne6 c3 45. Rd7 cxb2 46. Nxg7 b1=Q 47. Qxh6+ Qh7
48. Qxg5 Qxf2 49. Ne6 Qxd7 50. Qxe5+ Kg8 51. Qg5+ Kh8 52. Nxf8 Qd6+ 53. Kh1 Qf1# 0-1

[Event "ch-RUS Blitz 2017"]
[Site "Sochi RUS"]
[Date "2017.10.02"]
[Round "20.10"]
[White "Inarkiev, Ernesto"]
[Black "Yuffa, Daniil"]
[Result "0-1"]
[WhiteTitle "GM"]
[BlackTitle "GM"]
[WhiteElo "2694"]
[BlackElo "2527"]
[WhiteFideId "4162722"]
[BlackFideId "24131423"]
[EventDate "2017.10.02"]
[EventType "blitz"]

1. e4 Nf6 2. e5 Nd5 3. d4 d6 4. c4 Nb6 5. exd6 exd6 6. Nc3 Be7 7. h3 O-O 8. Nf3
Re8 9. Be2 Bf6 10. O-O Nc6 11. Be3 Bf5 12. b3 a5 13. Rc1 a4 14. c5 dxc5 15. dxc5
Qxd1 16. Rfxd1 axb3 17. axb3 Bxc3 18. Rxc3 Nc8 19. g4 Be6 20. Ng5 N8e7 21. Rcd3
Ne5 22. Nxe6 fxe6 23. Rd4 Nd5 24. Bd2 c6 25. Re4 Nd7 26. b4 Kf7 27. Bc4 Ra3 28.
Kg2 N7f6 29. Re2 Nd7 30. Rde1 h6 31. f4 N7f6 32. Rf1 Kg8 33. Rfe1 Kf7 34. Rf1
Kg8 35. f5 exf5 36. Rxe8+ Nxe8 37. Rxf5 Nf6 38. Bxh6 gxh6 39. Rxf6 Kg7 40. Re6
Ne3+ 41. Kf2 Nxc4 42. Re7+ Kf6 43. Rxb7 Rb3 44. h4 Ne5 45. Rb6 Nxg4+ 46. Ke2 Ne5
47. Kd1 Kf5 48. Kc2 Rh3 49. b5 cxb5 50. Rxb5 Rxh4 51. Kb3 Rg4 52. c6 Rg8 53. c7
Rc8 54. Rc5 Ke6 55. Rc1 Kd6 56. Rf1 Ke6 57. Rh1 Nf7 58. Rc1 Kd6 59. Rd1+ Kxc7
60. Rf1 Rf8 61. Kc3 Kd6 62. Kd4 Ke6 63. Ke3 Rg8 64. Ra1 Rg5 65. Kf4 Kf6 66. Ra6+
Kg7 67. Ra7 Rg6 68. Ra5 Rf6+ 69. Kg4 Kg6 70. Rb5 Re6 71. Ra5 Ne5+ 72. Kf4 Nd7
73. Ra1 Rf6+ 74. Kg3 Ne5 75. Ra5 Rf5 76. Kh3 Kg5 77. Ra1 h5 78. Rg1+ Ng4 79. Ra1
Rf3+ 80. Kg2 Rb3 81. Ra5+ Kh4 82. Rc5 Rb2+ 83. Kf3 Rf2+ 84. Ke4 Rf8 85. Ra5 Kg3
86. Ra3+ Kg2 0-1

[Event "ch-RUS Blitz 2017"]
[Site "Sochi RUS"]
[Date "2017.10.02"]
[Round "20.11"]
[White "Belyakov, Bogdan"]
[Black "Grachev, Boris"]
[Result "0-1"]
[WhiteTitle "IM"]
[BlackTitle "GM"]
[WhiteElo "2486"]
[BlackElo "2654"]
[WhiteFideId "24104795"]
[BlackFideId "4129199"]
[EventDate "2017.10.02"]
[EventType "blitz"]

1. e4 c5 2. c3 e6 3. d4 d5 4. exd5 exd5 5. Nf3 a6 6. Bd3 c4 7. Bc2 Bd6 8. O-O
Ne7 9. h3 Nbc6 10. b3 cxb3 11. axb3 O-O 12. c4 Nb4 13. Nc3 Nxc2 14. Qxc2 Bf5 15.
Qb2 Rc8 16. c5 Bb8 17. b4 Nc6 18. Re1 Qd7 19. b5 axb5 20. Qxb5 Bxh3 21. Qd3 Bf5
22. Qd2 Rfe8 23. Bb2 h6 24. Na4 Bc7 25. Nb6 Bxb6 26. cxb6 Be4 27. Ne5 Nxe5 28.
dxe5 Rc2 29. Qd4 Qg4 30. Rxe4 Qxe4 31. Ra7 Qe1+ 32. Kh2 Qxf2 33. Qxf2 Rxf2 34.
Bd4 Rd2 35. Bc5 Rxe5 36. Rxb7 Rg5 37. Rb8+ Kh7 38. b7 Rdxg2+ 39. Kh3 R5g3+ 0-1

[Event "ch-RUS Blitz 2017"]
[Site "Sochi RUS"]
[Date "2017.10.02"]
[Round "20.12"]
[White "Potapov, Pavel"]
[Black "Popov, Ivan RUS"]
[Result "1/2-1/2"]
[WhiteTitle "GM"]
[BlackTitle "GM"]
[WhiteElo "2479"]
[BlackElo "2599"]
[WhiteFideId "4169786"]
[BlackFideId "4170350"]
[EventDate "2017.10.02"]
[EventType "blitz"]

1. e4 c6 2. d4 d5 3. exd5 cxd5 4. Bd3 Nc6 5. c3 Nf6 6. Ne2 g6 7. O-O Bg7 8. Na3
O-O 9. Nc2 Bf5 10. Bxf5 gxf5 11. Bf4 e6 12. Ng3 Kh8 13. Nh5 Nxh5 14. Qxh5 Qf6
15. Rad1 Qg6 16. Qh3 Qg4 17. Qxg4 fxg4 18. Ne3 f5 19. f3 gxf3 20. Rxf3 Ne7 21.
Bd6 Rfe8 22. Bxe7 Rxe7 23. Re1 Rae8 24. g3 Kg8 25. Ng2 Bh6 26. Nf4 Bxf4 27. gxf4
Rg7+ 28. Kf2 Kf7 29. Rg3 Reg8 30. Reg1 Rxg3 31. Rxg3 Rxg3 32. Kxg3 b5 33. b4 1/2-1/2

[Event "ch-RUS Blitz 2017"]
[Site "Sochi RUS"]
[Date "2017.10.02"]
[Round "20.13"]
[White "Jakovenko, Dmitry"]
[Black "Korchmar, Vasiliy"]
[Result "1-0"]
[WhiteTitle "GM"]
[BlackTitle "IM"]
[WhiteElo "2710"]
[BlackElo "2399"]
[WhiteFideId "4122356"]
[BlackFideId "24131750"]
[EventDate "2017.10.02"]
[EventType "blitz"]

1. e4 e5 2. Nf3 Nc6 3. Bb5 a6 4. Ba4 Nf6 5. O-O Be7 6. Re1 b5 7. Bb3 O-O 8. a4
Bb7 9. d3 d6 10. Nbd2 Na5 11. Ba2 c5 12. Nf1 bxa4 13. Ne3 Bc8 14. Nd2 Bd7 15. c3
Rb8 16. Nec4 Nxc4 17. Nxc4 Bb5 18. Ne3 Re8 19. Bb1 Bf8 20. Bc2 Rb6 21. Bxa4 Bxa4
22. Rxa4 d5 23. Qf3 Rd6 24. Nf5 Rb6 25. Ne3 Rd6 26. h3 h6 27. Nf5 Rb6 28. exd5
Qxd5 29. Qg3 Kh8 30. Rh4 Ng8 31. Rg4 g6 32. Rh4 Kh7 33. Nxh6 Bxh6 34. Bxh6 Nxh6
35. Qg5 1-0

[Event "ch-RUS Blitz 2017"]
[Site "Sochi RUS"]
[Date "2017.10.02"]
[Round "20.14"]
[White "Sjugirov, Sanan"]
[Black "Moskalenko, Alexander"]
[Result "1-0"]
[WhiteTitle "GM"]
[BlackTitle "IM"]
[WhiteElo "2650"]
[BlackElo "2531"]
[WhiteFideId "4189302"]
[BlackFideId "4155351"]
[EventDate "2017.10.02"]
[EventType "blitz"]

1. d4 d6 2. e4 Nf6 3. Nc3 g6 4. Bg5 Bg7 5. Qd2 h6 6. Bf4 g5 7. Be3 Ng4 8. O-O-O
Nxe3 9. Qxe3 e6 10. h4 Nd7 11. hxg5 Qxg5 12. f4 Qe7 13. Nf3 b6 14. Bb5 a6 15.
Bc6 Rb8 16. e5 b5 17. f5 Kd8 18. Bxd7 Bxd7 19. f6 Bxf6 20. exf6 Qxf6 21. Ne4 Qg7
22. Rh2 f5 23. Nf2 Kc8 24. Nd3 Kb7 25. Rdh1 Rbe8 26. a3 Bc6 27. Kb1 Qg4 28. Nf2
Qg7 29. Ne1 e5 30. dxe5 dxe5 31. Ned3 f4 32. Nc5+ Kb6 33. Qc3 Qg3 34. Nfd3 e4
35. Nb3 Qe3 36. Qa5+ Ka7 37. Ndc5 Bb7 38. Qxc7 Rb8 39. Rxh6 Rxh6 40. Rxh6 Ka8
41. Nxb7 Qg1+ 42. Ka2 Rxb7 43. Rxa6+ 1-0

[Event "ch-RUS Blitz 2017"]
[Site "Sochi RUS"]
[Date "2017.10.02"]
[Round "20.15"]
[White "Korotylev, Alexey"]
[Black "Demidov, Mikhail"]
[Result "1/2-1/2"]
[WhiteTitle "GM"]
[BlackTitle "IM"]
[WhiteElo "2573"]
[BlackElo "2521"]
[WhiteFideId "4119142"]
[BlackFideId "4197143"]
[EventDate "2017.10.02"]
[EventType "blitz"]

1. d4 d5 2. c4 c6 3. Nc3 dxc4 4. e3 b5 5. a4 b4 6. Na2 e6 7. Bxc4 Nf6 8. Nf3 Bb7
9. O-O Nbd7 10. Bd2 a5 11. Qe2 Be7 12. Rfd1 O-O 13. Nc1 Qb6 14. Nb3 c5 15. Ne5
Rfd8 16. Be1 cxd4 17. Nxd7 Nxd7 18. Nxd4 Bf6 19. Rac1 Nc5 20. Bb5 Bxd4 21. Rxd4
Rxd4 22. exd4 Nb3 23. Rd1 Rd8 24. Qe3 Nxd4 25. Kh1 Qc5 26. f3 h6 27. h3 e5 28.
Bg3 f6 29. Rc1 Qd6 30. Bf2 Rc8 31. Rxc8+ Bxc8 32. Qc1 Be6 33. Bg1 h5 34. Bf2 Kh7
35. Bd3+ Bf5 36. Bxf5+ Nxf5 37. Qc2 g6 38. Qc4 Kg7 39. Qb5 h4 40. Qxa5 b3 41.
Qc3 Ng3+ 42. Kh2 Nf1+ 43. Kg1 Ng3 44. Qxb3 Qd2 45. Qe3 Qxb2 46. Qe1 Qa2 47. a5
Ne2+ 48. Kh2 Nf4 49. Kg1 g5 50. Kh2 Nd3 51. Qc3 Nxf2 52. Qc7+ Kg6 53. Qd8 e4 54.
Qe8+ Kg7 55. Qe7+ Kg6 56. fxe4 Qxa5 57. Qe8+ Kg7 58. Qe7+ Kg6 59. Qe8+ Kg7 60.
Qe7+ Kg6 61. Qe8+ Kg7 1/2-1/2

[Event "ch-RUS Blitz 2017"]
[Site "Sochi RUS"]
[Date "2017.10.02"]
[Round "20.16"]
[White "Novikov, Maxim"]
[Black "Alekseenko, Kirill"]
[Result "0-1"]
[WhiteTitle "GM"]
[BlackTitle "GM"]
[WhiteElo "2501"]
[BlackElo "2563"]
[WhiteFideId "4161289"]
[BlackFideId "4135539"]
[EventDate "2017.10.02"]
[EventType "blitz"]

1. e4 Nc6 2. Nc3 Nf6 3. Bb5 e5 4. Nf3 Bd6 5. d3 h6 6. Be3 O-O 7. h3 Re8 8. Bc4
Na5 9. Bb3 Nxb3 10. axb3 a6 11. O-O Bf8 12. Qd2 d5 13. exd5 Nxd5 14. Nxd5 Qxd5
15. Ra5 b5 16. c4 Qc6 17. d4 Bxh3 18. dxe5 Rad8 19. Qe2 Bg4 20. Rfa1 bxc4 21.
bxc4 Ra8 22. b3 Bb4 23. R5a2 a5 24. Nd4 Qg6 25. f3 Bd7 26. f4 f6 27. Qf3 fxe5
28. fxe5 Kh7 29. Rf1 Rf8 30. Qd1 Rxf1+ 31. Qxf1 Re8 32. Nf3 Bc6 33. Bd4 Rf8 34.
Rf2 Qg4 35. Bb2 Bc5 36. Qd3+ Be4 0-1

[Event "ch-RUS Blitz 2017"]
[Site "Sochi RUS"]
[Date "2017.10.02"]
[Round "20.17"]
[White "Hasangatin, Ramil"]
[Black "Usmanov, Vasily"]
[Result "1/2-1/2"]
[WhiteTitle "GM"]
[BlackTitle "IM"]
[WhiteElo "2496"]
[BlackElo "2459"]
[WhiteFideId "4122160"]
[BlackFideId "4135741"]
[EventDate "2017.10.02"]
[EventType "blitz"]

1. e4 Nc6 2. Bb5 a6 3. Bxc6 bxc6 4. d3 g6 5. Nc3 Bg7 6. Be3 d6 7. Qd2 a5 8. Nge2
a4 9. O-O a3 10. b3 e5 11. f4 exf4 12. Bxf4 Ne7 13. Bh6 O-O 14. Bxg7 Kxg7 15.
Qe3 c5 16. Rae1 Nc6 17. Nd5 f5 18. exf5 Bxf5 19. Ng3 Qd7 20. Nxf5+ Rxf5 21. Rxf5
Qxf5 22. Ne7 Nxe7 23. Qxe7+ Qf7 24. Qe3 Rf8 25. h3 Qf6 26. Qe7+ Qxe7 27. Rxe7+
Rf7 28. Re8 Rf8 29. Re7+ Rf7 30. Re8 Rf8 31. Re7+ Rf7 1/2-1/2

[Event "ch-RUS Blitz 2017"]
[Site "Sochi RUS"]
[Date "2017.10.02"]
[Round "20.18"]
[White "Derjabin, Ilja"]
[Black "Levin, Evgeny A."]
[Result "1/2-1/2"]
[WhiteTitle "IM"]
[BlackTitle "GM"]
[WhiteElo "2360"]
[BlackElo "2532"]
[WhiteFideId "14104768"]
[BlackFideId "4182596"]
[EventDate "2017.10.02"]
[EventType "blitz"]

1. d4 Nf6 2. c4 g6 3. Nc3 Bg7 4. e4 d6 5. Nge2 O-O 6. Ng3 Nc6 7. d5 Nb8 8. Be2
e5 9. O-O a5 10. Be3 Na6 11. Rb1 h5 12. Bg5 Qe8 13. Qd2 Bd7 14. Nh1 Nc5 15. f3
Nh7 16. Be3 Qe7 17. Nf2 Bf6 18. Nd3 Nxd3 19. Qxd3 Bg5 20. Nb5 Rfc8 21. Bf2 b6
22. Nc3 Rf8 23. Qd1 h4 24. Bd3 Nf6 25. Qe1 Nh5 26. Ne2 Kg7 27. Rd1 Rh8 28. Bc2
Nf4 29. Nxf4 Bxf4 30. Be3 Qg5 31. Bxf4 Qxf4 32. Qd2 Qxd2 33. Rxd2 f5 34. exf5
gxf5 35. f4 e4 36. Kf2 Kf6 37. Ke3 Rhg8 38. Bd1 Rg7 39. Rff2 Rag8 40. a3 Ra8 41.
Rc2 Ba4 42. Rcd2 Bxd1 43. Rxd1 Rag8 44. Rdd2 Ra8 45. Rc2 Ke7 46. Rfd2 Kd7 47.
Rf2 Rb8 48. b3 Rbg8 49. Rcd2 Rb8 50. Rc2 Rgg8 51. Rfd2 Rg4 52. Rf2 Rg7 1/2-1/2

[Event "ch-RUS Blitz 2017"]
[Site "Sochi RUS"]
[Date "2017.10.02"]
[Round "20.19"]
[White "Bublei, Pavel"]
[Black "Dzhumagaliev, Yan"]
[Result "0-1"]
[WhiteTitle "FM"]
[BlackTitle "FM"]
[WhiteElo "2387"]
[BlackElo "2400"]
[WhiteFideId "24112593"]
[BlackFideId "24100110"]
[EventDate "2017.10.02"]
[EventType "blitz"]

1. d4 Nf6 2. c4 e6 3. Nf3 Bb4+ 4. Bd2 Qe7 5. Nc3 b6 6. g3 Bb7 7. Bg2 O-O 8. O-O
d6 9. Qc2 Nbd7 10. a3 Bxc3 11. Bxc3 Be4 12. Qa4 c6 13. Bh3 a6 14. Nd2 b5 15. Qd1
Bg6 16. Bg2 Rfc8 17. b3 d5 18. Re1 a5 19. e4 dxe4 20. Nxe4 Nxe4 21. Bxe4 Bxe4
22. Rxe4 Nf6 23. Re2 a4 24. bxa4 bxc4 25. Bb4 Qa7 26. Rc1 Qxa4 27. Qxa4 Rxa4 28.
Rxc4 Nd5 29. Rec2 Ra6 30. Bc5 g5 31. h3 h5 32. Rb2 Rc7 33. Kg2 Kg7 34. Rc1 Rd7
35. Rb8 Nf6 36. f3 Nd5 37. Kf2 Nf6 38. g4 h4 39. Ke3 Nd5+ 40. Ke4 Ra4 41. Rc2
Nf4 42. Ke3 Nxh3 43. Bf8+ Kg6 44. Rxc6 Raxd4 45. Bc5 Rd3+ 46. Ke2 Nf4+ 47. Ke1
Rd1+ 0-1

[Event "ch-RUS Blitz 2017"]
[Site "Sochi RUS"]
[Date "2017.10.02"]
[Round "20.20"]
[White "Tsoi, Dmitry"]
[Black "Triapishko, Alexandr"]
[Result "0-1"]
[WhiteTitle "FM"]
[BlackTitle "IM"]
[WhiteElo "2361"]
[BlackElo "2500"]
[WhiteFideId "24194697"]
[BlackFideId "14122286"]
[EventDate "2017.10.02"]
[EventType "blitz"]

1. e4 e5 2. Nf3 Nc6 3. Nc3 Nf6 4. Bb5 Bd6 5. O-O O-O 6. d3 h6 7. h3 a6 8. Bxc6
dxc6 9. Be3 c5 10. a4 b6 11. a5 Be6 12. Qd2 Nd7 13. Ne2 Qf6 14. Ng3 Bxh3 15. Ng5
Bg4 16. f3 Be6 17. Nxe6 fxe6 18. Ne2 b5 19. Kf2 Qh4+ 20. g3 Qh2+ 21. Ke1 Rf7 22.
Bg1 Qh3 23. Rf2 Qh5 24. g4 Qh3 25. g5 h5 26. Rh2 Qxf3 27. Rf2 Qg4 28. Rxf7 Kxf7
29. Qe3 Rf8 30. Kd2 Kg6 31. Bh2 Rf3 32. Qg1 Qxg5+ 33. Kc3 Qxg1 34. Rxg1+ Kh6 35.
Bg3 g5 36. Be1 Be7 37. Bd2 Kg6 38. Ng3 h4 39. Nf1 Kh5 40. Nh2 Rg3 41. Rh1 Rg2
42. Nf3 Rf2 43. Ng1 g4 44. Be3 Rf1 45. Rh2 g3 46. Rg2 Kg4 47. Ne2 Rf3 0-1

[Event "ch-RUS Blitz 2017"]
[Site "Sochi RUS"]
[Date "2017.10.02"]
[Round "20.21"]
[White "Timofeev, Artyom"]
[Black "Gubsky, Egor"]
[Result "1-0"]
[WhiteTitle "GM"]
[BlackTitle "FM"]
[WhiteElo "2549"]
[BlackElo "2303"]
[WhiteFideId "4140419"]
[BlackFideId "4194055"]
[EventDate "2017.10.02"]
[EventType "blitz"]

1. c4 Nf6 2. g3 e6 3. Bg2 Be7 4. e4 d6 5. d4 O-O 6. Nc3 c5 7. Nge2 cxd4 8. Nxd4
a6 9. O-O Qc7 10. Qe2 Nbd7 11. Be3 Ne5 12. b3 Rb8 13. Rac1 b6 14. h3 Bb7 15. f4
Ned7 16. g4 Rfd8 17. g5 Ne8 18. f5 e5 19. Nc2 f6 20. Nb4 Nc5 21. Nbd5 Bxd5 22.
Nxd5 Qd7 23. b4 Na4 24. Qh5 Nc7 25. g6 h6 26. Bxh6 Nxd5 27. Bxg7 1-0

[Event "ch-RUS Blitz 2017"]
[Site "Sochi RUS"]
[Date "2017.10.02"]
[Round "20.22"]
[White "Zakaryan, David"]
[Black "Moiseenko, Vadim"]
[Result "0-1"]
[WhiteTitle "FM"]
[BlackTitle "IM"]
[WhiteElo "2293"]
[BlackElo "2558"]
[WhiteFideId "24101923"]
[BlackFideId "4123700"]
[EventDate "2017.10.02"]
[EventType "blitz"]

1. d4 Nf6 2. Nf3 b6 3. g3 Bb7 4. Bg2 g6 5. O-O Bg7 6. Nc3 d5 7. Bg5 Nbd7 8. Re1
O-O 9. Bxf6 Nxf6 10. Ne5 c5 11. e3 e6 12. a4 a6 13. a5 cxd4 14. exd4 bxa5 15.
Na4 Nd7 16. Nxd7 Qxd7 17. Nb6 Qc7 18. Nxa8 Rxa8 19. c3 Bc6 20. b3 Bh6 21. f4 Rb8
22. Re2 Bd7 23. Rc1 a4 24. bxa4 Qc4 25. Rf2 Bxa4 26. Bf1 Qc6 27. Qd3 Bb5 28. Qc2
Bg7 29. Bxb5 axb5 30. Rb1 Rc8 31. Rd2 Qxc3 32. Qxc3 Rxc3 33. Rxb5 Bf6 34. Kf2 h5
35. h4 Kg7 36. Rb7 Bd8 37. Ra2 Kf6 38. Ra8 Rc7 39. Rxc7 Bxc7 40. Ke3 Bd6 41. Ra7
Bb4 42. Ra1 Kf5 43. Ra7 f6 44. Ra6 Be1 45. Kf3 Bc3 46. Ke3 e5 47. fxe5 fxe5 48.
dxe5 Bxe5 49. Kf3 d4 50. Ra5 Kf6 51. Rd5 Ke6 52. Rd8 Bf6 53. Ke4 Bxd8 0-1

[Event "ch-RUS Blitz 2017"]
[Site "Sochi RUS"]
[Date "2017.10.02"]
[Round "20.23"]
[White "Nazaretyan, Tigran"]
[Black "Kryakvin, Dmitry"]
[Result "0-1"]
[BlackTitle "GM"]
[WhiteElo "2303"]
[BlackElo "2583"]
[WhiteFideId "24162345"]
[BlackFideId "4153278"]
[EventDate "2017.10.02"]
[EventType "blitz"]

1. d4 Nf6 2. c4 c5 3. d5 g6 4. Nc3 Bg7 5. e4 O-O 6. Nf3 d6 7. h3 e6 8. Bd3 Na6
9. O-O Nc7 10. a4 e5 11. Bg5 h6 12. Bd2 Na6 13. Na2 Bd7 14. b4 cxb4 15. Nxb4 Nc5
16. Qe2 Bxa4 17. Be3 Nfd7 18. Ra3 a5 19. Nc2 Bb3 20. Na1 a4 21. Nd2 f5 22. f3
fxe4 23. Bxe4 g5 24. Rb1 Qc7 25. Naxb3 axb3 26. Rxa8 Rxa8 27. Nxb3 Ra3 28. Nxc5
Nxc5 29. Bxc5 Qxc5+ 30. Kh2 b6 31. Rb5 Qd4 32. Qb2 Ra6 33. Qxd4 exd4 34. Kg1 Be5
35. Kf2 Bf4 36. Rb2 Kg7 37. g3 Be3+ 38. Ke2 Kf6 39. Bd3 Ra1 40. f4 gxf4 41. gxf4
Bxf4 42. Rxb6 Rh1 43. c5 Rh2+ 44. Kf3 Ke5 45. Rxd6 Rxh3+ 46. Ke2 Re3+ 47. Kd2 h5
48. Rd7 Rg3+ 49. Kc2 Rg2+ 50. Kb3 Rg1 51. c6 Rc1 52. Bc2 Kf6 53. d6 d3 54. Bxd3
Rxc6 55. Rh7 Rxd6 56. Be2 Kg6 57. Rxh5 Rd2 58. Rh4 Kg5 59. Rg4+ Kf5 60. Bf3 Rd3+
61. Kc4 Rxf3 62. Rg8 Ra3 63. Rf8+ Ke4 64. Re8+ Be5 65. Kc5 Rc3+ 66. Kb4 Rc1 67.
Kb3 Kd5 68. Rd8+ Bd6 69. Kb2 Rc6 70. Kb3 Kd4 71. Kb2 Kd3 72. Kb3 Rb6+ 73. Ka4
Kc4 74. Ka5 Bc7 75. Rc8 Rc6+ 0-1

[Event "ch-RUS Blitz 2017"]
[Site "Sochi RUS"]
[Date "2017.10.02"]
[Round "20.24"]
[White "Sharafiev, Azat"]
[Black "Savitskiy, Sergey"]
[Result "0-1"]
[WhiteTitle "IM"]
[BlackTitle "IM"]
[WhiteElo "2433"]
[BlackElo "2412"]
[WhiteFideId "4186214"]
[BlackFideId "24105660"]
[EventDate "2017.10.02"]
[EventType "blitz"]

1. Nf3 Nf6 2. g3 g6 3. Bg2 Bg7 4. O-O O-O 5. c4 d6 6. Nc3 Nc6 7. d3 e5 8. Bg5 h6
9. Bxf6 Bxf6 10. Rb1 a5 11. a3 Bg7 12. b4 axb4 13. axb4 f5 14. Nd2 e4 15. b5
Bxc3 16. bxc6 bxc6 17. dxe4 f4 18. Rb3 Be5 19. Nf3 Qf6 20. c5 Ba6 21. Nxe5 Qxe5
22. cxd6 cxd6 23. Rb6 Bb5 24. Rb7 Rab8 25. Qb3+ Kh8 26. Rxb8 Rxb8 27. Bf3 Kg7
28. Rd1 fxg3 29. hxg3 Ra8 30. Qb4 Ra1 31. Rxa1 Qxa1+ 32. Kg2 Qe5 33. Qa5 Qe7 34.
Qc3+ Qe5 35. Qa5 Qe7 36. e3 Kf6 37. Qa8 Kg7 38. Qb8 Bc4 39. Qb2+ Kh7 40. Qc3 Qe6
41. Kg1 c5 42. Bg2 Qf7 43. f4 Be6 44. e5 Qc7 45. exd6 Qxd6 46. Be4 Bf7 47. Bc2
Kg8 48. Kf2 c4 49. e4 Qc5+ 50. Kg2 Kh7 51. Qf6 Kg8 52. Qc3 Qc6 53. Kh2 Qd6 54.
e5 Qd7 55. Be4 Qe6 56. Qd4 Qc8 57. Bc2 Qc7 58. e6 Bxe6 59. Bxg6 Bf7 60. Bc2 Qe7
61. Qc3 Qe2+ 62. Kg1 Bd5 0-1

[Event "ch-RUS Blitz 2017"]
[Site "Sochi RUS"]
[Date "2017.10.02"]
[Round "20.25"]
[White "Vastrukhin, Oleg"]
[Black "Gogolev, Artem"]
[Result "1-0"]
[WhiteElo "2386"]
[BlackElo "2408"]
[WhiteFideId "4192770"]
[BlackFideId "4116615"]
[EventDate "2017.10.02"]
[EventType "blitz"]

1. e4 c5 2. Nc3 Nc6 3. Nge2 Nf6 4. g3 d5 5. exd5 Nxd5 6. Bg2 Nxc3 7. bxc3 e5 8.
O-O Be7 9. d3 O-O 10. c4 Nd4 11. Nc3 Rb8 12. Nd5 b5 13. c3 Ne6 14. cxb5 Rxb5 15.
Be3 Bb7 16. c4 Ra5 17. Qb3 Ba8 18. Qc3 Bd6 19. Rfb1 Nd4 20. Bxd4 cxd4 21. Qd2
Ra3 22. Rb3 Qd7 23. Rxa3 Bxa3 24. Rb1 Bc5 25. Rb5 Qd6 26. Qa5 Rc8 27. h4 g6 28.
a4 Kg7 29. Qe1 a6 30. Rb1 Rb8 31. a5 Rxb1 32. Qxb1 Bxd5 33. Bxd5 Qc7 34. h5 1-0